| 000 | 00940nam a2200289 i 4500 | ||
|---|---|---|---|
| 001 | 000043316 | ||
| 003 | DO-SdBNP | ||
| 005 | 20250211081100.0 | ||
| 007 | ta | ||
| 008 | 140307s2013 dr 000 f spa d | ||
| 020 | _a9789945583311 | ||
| 040 |
_aDO-SdBNP _bspa _cBNPHU _erda |
||
| 082 |
_aRD863.44 _bV443du _222 |
||
| 100 | 1 |
_aVeloz Maggiolo, Marcio, _d1936-2021 _91104 _eautor _4aut. |
|
| 245 | 1 | 4 |
_aLos dueños de la memoria / _cMarcio Veloz Maggiolo. |
| 264 | 1 |
_aSanto Domingo : _bEditorial Santuario, _c2013. |
|
| 300 |
_a172 páginas _c23 cm. |
||
| 336 |
_atexto _btxt _2rdacontent |
||
| 337 |
_asin mediación _bn _2rdamedia |
||
| 338 |
_avolumen _bnc _2rdacarrier |
||
| 500 | _aIncluye datos biográficos del autor en la solapa de la cubierta. | ||
| 590 | _aInventariado, 2020/VM | ||
| 650 | 0 |
_aNovela dominicana _9223 |
|
| 650 | 0 |
_aLiteratura dominicana. _967 |
|
| 910 | _aValidado. Control de calidad MFF | ||
| 942 |
_2ddc _cLBS1 |
||
| 999 |
_c42805 _d42805 |
||